Practical digital libraries: books, bytes, and bucks
Αποθηκεύτηκε σε:
| Κύριος συγγραφέας: | |
|---|---|
| Μορφή: | Βιβλίο |
| Γλώσσα: | Undetermined |
| Έκδοση: |
San Francisco, Calif.
Morgan Kaufmann Publishers
1997
|
| Θέματα: | |
| Ετικέτες: |
Προσθήκη ετικέτας
Δεν υπάρχουν, Καταχωρήστε ετικέτα πρώτοι!
|
| Thư viện lưu trữ: | Trung tâm Học liệu Trường Đại học Cần Thơ |
|---|
| LEADER | 00642nam a2200217Ia 4500 | ||
|---|---|---|---|
| 001 | CTU_127057 | ||
| 008 | 210402s9999 xx 000 0 und d | ||
| 082 | |a 025.00285 | ||
| 082 | |b L622 | ||
| 100 | |a Lesk, Michael | ||
| 245 | 0 | |a Practical digital libraries: | |
| 245 | 0 | |b books, bytes, and bucks | |
| 245 | 0 | |c Michael Lesk | |
| 260 | |a San Francisco, Calif. | ||
| 260 | |b Morgan Kaufmann Publishers | ||
| 260 | |c 1997 | ||
| 650 | |a Libraries,Digital libraries | ||
| 650 | |x Special collections,Computer files | ||
| 650 | |z United States,United States | ||
| 904 | |i Nguyên | ||
| 980 | |a Trung tâm Học liệu Trường Đại học Cần Thơ | ||